| 000 | 00372nam a22001577a 4500 | ||
|---|---|---|---|
| 003 | SGT | ||
| 020 | _a978-93-5107-395-6 | ||
| 082 |
_a615 _bADE |
||
| 100 | _aADEJARE, ADEBAYE | ||
| 245 | _aREMINGTON THE SCIENCE and PRACTICE OF PHARMACY | ||
| 250 | _a23TH | ||
| 260 |
_aINDIA _bELSEVIER PUB. _c2020 |
||
| 300 | _a1000 | ||
| 650 | _aREMINGTON SCIENCE | ||
| 942 |
_2ddc _cBK |
||
| 999 |
_c32982 _d32982 |
||